[Event "IECG CF.2002.0.00024 email"]
[Site "IECG email"]
[Date "2002.05.15"]
[Round "?"]
[White "Zagorski, Franck"]
[Black "Bacchus, Lee"]
[Result "1-0"]
[WhiteElo "1000"]
[BlackElo "1000"]
[PlyCount "39"]
[EventDate "2002.05.15"]
[EventType "tourn (corr)"]
[EventRounds "6"]
[SourceTitle "Corr 2008"]
[Source "ChessBase"]
[SourceDate "2008.06.24"]
[SourceVersion "1"]
[SourceVersionDate "2008.06.24"]
[SourceQuality "1"]

1. e4 e5 2. Nc3 Nf6 3. Bc4 Nc6 4. d3 Na5 5. a3 Nxc4 6. dxc4 c6 7. Nge2 d6 8. f3 Be6 9. Qd3 d5 10. cxd5 cxd5 11. Bg5 d4 12. Nd1 Qa5+ 13. c3 Qa4 14. cxd4 Bb4+ 15. axb4 Qxa1 16. dxe5 Nd7 17. Qd6 Nf6 18. exf6 Qxd1+ 19. Kxd1 Rd8 20. Qxd8+ 1-0